01073nam a2200241 a 450000100060000000300080000600500170001400800410003103500190007204000350009104100080012608200270013410000240016124502950018526000680048030000370054850200740058550400320065965000230069170000410071470000420075570000340079783598BD-RjUL20240428125157.0240428s2009 bg a|||| m||| 00| 0 eng d a(BD-RjUL)83598 aBD-RjULbengcBD-RjULdBD-RjUL aeng 223a579.5677bRAS 2009 aRahman, Md. Ahsanur10aScreening of Trichoderma spp-and their efficacy as a Bio-Conversion Agent of Municipal Solid Waste Through Appropriate Technique of Solid State Fermentation /cBy Md. Ahsanur Rahman ;6Principal Supervisor : M. Firoz Alam, Co-Supervisor : Most. Ferdousi Begum, Co-Supervisor : G.N.M. Lllias aRajshahi :bDepartment of Botany, University of Rajshahi,c2009 aix, 236 Leaves :bill, ;c29 cm. aThesis (Ph. D.) -- Department of Botany, University of Rajshahi, 2009 aReferences : Leaves 214-236 aHypocrealesvFungi aAlam, M. Firoz Principal, Supervisor aBegum, Most. Ferdousi, Co-Supervisor  aLllias, G.N.M. Co-Supervisor